000 02385nam0a2200505 4500
001 RU\NLR\bibl\1461524
005 20260406064551.0
010 _a5-225-03388-1
_91000
021 _aRU
_b2009-93507
_95919
035 _a(NLR Aleph) 001453288
035 _a(nilc)RSL-KNO-004414587
035 _a1VIL\RUSMED\0000155952
035 _aEL/0000308977
090 _a1536774
_c1536774
100 _a20091120d2009 |||y0rusy50 ca
101 0 _arus
102 _aRU
105 _aa |||||||||
200 1 _aБеседы о ядерной медицине
_fА. Ф. Цыб, И. П. Королюк, А. В. Капишников
205 _aИзд. 2-е, доп. и перераб.
210 _aМосква
_cМедицина
_d2009
_eМожайск (Моск.обл.)
_gМожайский полиграфкомбинат
215 _a189, [1] с.
_cил., цв. ил., портр.
_d22
300 _aНа 3-4-й с. авт.: Цыб А. Ф. - д-р мед. наук, проф., акад. РАМН, Королюк И. П. - д-р мед. наук, проф., заслуж. деятель науки РФ, лауреат премии Правительства РФ, Капишников А. В. - д-р мед. наук, проф.
320 _aБиблиогр.: с. 189-190 (20 назв.)
606 1 _aРАДИОНУКЛИДНОЕ ИЗОБРАЖЕНИЕ
_xметоды
_2rus_mesh
_3R12061-6.1
606 1 _aЯдерная медицина
_91040201
_3RU\NLR\auth\6682507
606 1 _aRADIONUCLIDE IMAGING
_xmethods
_2rus_mesh
_3E12061-6.1
675 _a616-073.916
_vudc
686 _aР364.7,07
_2rubbk
686 _a76.29.62
_2rugasnti
686 _aE01.370.350.710 - методы
_v2009
_2MESH
686 _aE01.370.384.730 - методы
_v2009
_2MESH
686 _aE01.370.350.710 - methods
_v2009
_2MESH
686 _aE01.370.384.730 - methods
_v2009
_2MESH
686 _aР36
700 1 _4070
_8rus
_7ca
_aЦыб
_bА. Ф.
_gАнатолий Федорович
_3RU\NLR\auth\7714336
_9124009
701 1 _aКоролюк
_bИ. П.
_gИгорь Петрович
_4070
701 1 _aКапишников
_bА. В.
_gАлександр Викторович
_4070
801 0 _aRU
_bРГБ
_c20091120
_grcr
801 1 _aRU
_bРГБ
_c20091120
801 2 _aRU
_bЦНМБ
_c20091126
801 2 _aRU
_bNLR
_c20100115
_grcr
942 _cBOOK
980 _aNB